LEADER 01197cam--2200373---450 001 990002165490203316 005 20200330091849.0 010 $a88-430-3128-7 035 $a000216549 035 $aUSA01000216549 035 $a(ALEPH)000216549USA01 035 $a000216549 100 $a20041112d2004----km-y0enga50------ba 101 0 $aita 102 $aIT 105 $ay|||z|||001yy 200 1 $aCronache letterarie italiane$eil primo novecento dal Convito all'Esame$e(1895-1925)$fGiuseppe Langella 210 $aRoma$cCarocci$d2004 215 $a213 p.$d24 cm 225 $aLingua e letteratura italiana$iStudi superiori$v469 410 0$1001$12001$aLingua e letteratura italiana$iStudi superiori$v469 606 $aLetteratura italiana$z1895-1925 676 $a851.912 700 1$aLANGELLA,$bGiuseppe$0175988 801 0$aIT$bsalbc$gISBD 912 $a990002165490203316 951 $aVI.3.B. 2306(V C 2383)$b178172 L.M.$cV C$d00116022 951 $aVI.3.B. 2306a(V C 2383Bis)$b178744 LM$cV C 951 $aXVII A.A. 718$b7097 dlas$cXVII A.A.$d00153265 959 $aBK 969 $aUMA 969 $aCAS 996 $aCronache letterarie italiane$91037944 997 $aUNISA LEADER 01126nam0 22002531i 450 001 VAN00055835 005 20240806100511.646 100 $a20061113d1930 |0itac50 ba 101 $aita 102 $aIT 105 $a|||| ||||| 200 1 $aVia Cassia (antica e moderna) e sue deviazioni$evia Clodia, via Trionfale, via Annia, via Traiana nova, via Amerina$estudio storico-topografico$fdi Edoardo Martinori 210 $aRoma$c[s.n.]$d1930 215 $a241 p., [3] c. di tav. ripieg.$cill.$d27 cm. 410 1$1001VAN00055837$12001 $aˆLe ‰vie maestre d'Italia$1210 $aRoma$cS.A.P.E. 606 $aVia Cassia$3VANC019494$2FI 620 $dRoma$3VANL000360 700 1$aMartinori$bEdoardo$3VANV044327$0219083 801 $aIT$bSOL$c20240906$gRICA 899 $aBIBLIOTECA DEL DIPARTIMENTO DI LETTERE E BENI CULTURALI$1IT-CE0103$2VAN07 912 $aVAN00055835 950 $aBIBLIOTECA DEL DIPARTIMENTO DI LETTERE E BENI CULTURALI$d07CONS Ba Roma 1359 $e07 9383 20061113 996 $aVia Cassia (antica e moderna) e sue deviazioni$9573597 997 $aUNICAMPANIA